Sports Quiz

Random Sports or Baseball Quiz

Colorfully Named Baseball Players - IMPROVED! Quiz Stats

 Plays Quiz not verified by Sporcle

Challenge
Share
Tweet
Embed
Score 0/20 Timer 06:00
0 Plays Today
Names or nicknames with colors % Correct
The Hit King, banned from baseballPete Rose
96.5%
Oakland A's phenom pitcher; won both AL MVP and CY Young in 1971Vida Blue
62.9%
Hall of Fame Yankees pitcher; “The Chairman of the Board”Whitey Ford
60.3%
Padres Manager, ex-Angels pitching coach, served up Reggie Jackson’s 500th HRBud Black
43.2%
Hall of Famer; lost two fingers in tragic farm accident as a childMordecai “Three Finger” Brown
42.4%
Eight-time Gold Glove second baseman; played 18 seasons for RoyalsFrank White
37.1%
Popular ‘70s Mets star; nicknamed “Le Grand Orange” during his Montreal daysRusty Staub
30.1%
Cardinals Skipper was inducted into Hall of Fame as a manager in 2010Whitey Herzog
26.8%
Lifelong Yankee outfielder (1965-79), he knocked exactly 300 doubles in his careerRoy White
22%
Hall of Fame Cardinal; managed ’67 ChampsRed Schoendienst
21.4%
Names or nicknames with colors % Correct
Three-time All-Star centerfielder for ChiSox & Tigers in ‘70s & ‘80sChet Lemon
19.2%
Hall of Famer threw 335 Complete Games, plus 8 in World Series playRed Ruffing
16.2%
Yankee roommate of Yogi Berra; later American League President and medical doctorBobby Brown
16.2%
Hit .450 as a pinch-hitter for 1968 Champion Detroit TigersGates Brown
13.1%
1974 World Series MVP for Oakland A’s Dick Green
10.9%
Oakland A’s pitcher with 1.07 ERA in ‘72, ‘73 and ‘74 World SeriesJohnny 'Blue Moon' Odom
10.9%
In 1947, this Reds pitcher tossed a No-Hitter vs. Boston BravesEwell Blackwell
7.3%
Utility man for Orioles ‘69-‘71 dynasty teams; his name is also a fishChico Salmon
3.9%
Late 50s Red Sox Manager; resisted MLB integration; hated his own nicknamePinky Higgins
3.9%
Entire MLB career was one game for 1903 NL Champ Pirates. He fits category with both first & last nameReddy Grey
0.9%

You're not logged in!

Compare scores with friends on all Sporcle quizzes.
OR
Log In

You Might Also Like...

Show Comments

Extras

Top Quizzes Today


Score Distribution

Your Account Isn't Verified!

In order to create a playlist on Sporcle, you need to verify the email address you used during registration. Go to your Sporcle Settings to finish the process.

Report this User

Report this user for behavior that violates our Community Guidelines.

Details: